LEADER 01298nam 2200385 450 001 000003597 005 20070503173600.0 100 $a--------d1936----km-y0itay0103----ba 101 0 $aeng 102 $aUS 200 1 $aEnglish thought in the nineteenth century$fby D. C. Somervell 200 1 $a1 $n0007351 210 $aNew York$cLongmans, Green$d1936 215 $aX, 241 p.$d19 cm. 606 $aVita intellettuale$xGran Bretagna$zSec. 19. 676 $a914.2 700 1$aSomervell,$bDavid Churchill$0295488 801 0$aIT$bUniversità della Basilicata - B.I.A.$gRICA$2unimarc 912 $a000003597 996 $aEnglish thought in the nineteenth century$972073 997 $aUNIBAS BAS $aMONLET BAS $aMONOGR BAS $aLETTERE CAT $aLOTITO$b01$c19991026$lBAS01$h1750 CAT $c20000920$lBAS01$h1831 CAT $c20001010$lBAS01$h1634 CAT $c20050601$lBAS01$h1753 CAT $abatch$b01$c20050718$lBAS01$h1048 CAT $c20050718$lBAS01$h1107 CAT $c20050718$lBAS01$h1137 CAT $c20050718$lBAS01$h1151 CAT $aBATCH$b00$c20070503$lBAS01$h1736 FMT Z30 -1$lBAS01$LBAS01$mBOOK$1BASA1$APolo Storico-Umanistico$2GEN$BCollezione generale$3FP/4476$9FP/4476$64476$5L4476$819991026$f02$FPrestabile Generale LEADER 02259nam 2200373 450 001 9910137124703321 005 20230424231847.0 010 $a1-5090-3674-1 035 $a(CKB)3710000000773138 035 $a(NjHacI)993710000000773138 035 $a(EXLCZ)993710000000773138 100 $a20230424d2016 uy 0 101 0 $aeng 135 $aur||||||||||| 181 $ctxt$2rdacontent 182 $cc$2rdamedia 183 $acr$2rdacarrier 200 10$a2016 IEEE Ninth International Conference on Software Testing, Verification and Validation Workshops (ICSTW) /$fInstitute of Electrical and Electronics Engineers 210 1$aPiscataway, New Jersey :$cIEEE,$d2016. 215 $a1 online resource 311 $a1-5090-3675-X 330 $aICST brings together researchers and practitioners for a conference that includes all aspects of software testing, verification, and validation ICST includes research papers, industrial experience reports and presentations, tool demonstrations, and tutorials For the research papers, ICST seeks high quality original work that has never been published and that advances the state of the art in software testing, verification and validation For the industrial experience reports, ICST seeks papers and presentations that present real world experience from which others can benefit Tool demonstrations are also welcome, especially those openly available for others to use Finally, we are seeking tutorials that are relevant to both practitioners and researchers See the specific calls for more details Extended versions of the best papers from ICST conferences are regularly published in special editions of JSTVR. 517 $a2016 IEEE Ninth International Conference on Software Testing, Verification and Validation Workshops 606 $aComputer software$xTesting$vCongresses 606 $aComputer software$xValidation$vCongresses 615 0$aComputer software$xTesting 615 0$aComputer software$xValidation 676 $a005.14 801 0$bNjHacI 801 1$bNjHacl 906 $aPROCEEDING 912 $a9910137124703321 996 $a2016 IEEE Ninth International Conference on Software Testing, Verification and Validation Workshops (ICSTW)$92509006 997 $aUNINA